Les fruits #5 - Le raisin - Statistiques

Statistiques générales
  • Ce quiz a été pris 106 fois
  • Le résultat moyen est 6 sur 12
Statistiques - réponses
Informations Réponses % Correct
Couleurs Jaune | Mauve | Noir | Rose | Rouge | Vert
93%
Plante Vigne
86%
Boisson alcoolisée la plus populaire faite à base de raisin Vin
85%
Pays qui en produit le plus en Europe Italie
82%
Rang du fruit le plus cultivé dans le monde 4
67%
Pays qui en produit le plus Chine
56%
Jus le plus populaire à base de raisin Jus de raisin
56%
Origine Asie mineure
20%
Variété de raisin de table Aledo | Alphonse-lavallée | Autumn royal | Cardinal | Centennial | Chasselas | Cotton Candy | Danlas | Dattier de Beyrouth | Frankenthal | Italia | Lival | Madeleine royale | Mireille | Muscat d'Alexandrie | Muscat de Hambourg | Napoleon | Ora | Perle de Csaba | Perlette | Pizzutello de Tivoli | Prime | Prima | Red Globe | Ruby | Sugraone | Sultanine
17%
Famille Vitacées
5%
Espèce Vitis vinifera
5%
Variété de raisin apyrènes (sans pépin) Danlas | Exalta | Ribol | Red Globe | Crimson | Big Perlon
2%
Aucun quiz correspondant
Distribution des résultats
% des personnes avec chaque résultat
Percentile par nombre de réponses
Votre historique - résultats
Vous n’avez pas pris ce quiz